| 000 | 00540nam a22001937a 4500 | ||
|---|---|---|---|
| 005 | 20250324103558.0 | ||
| 008 | 250324b |||||||| |||| 00| 0 eng d | ||
| 020 | _a9780131950849 | ||
| 050 |
_aLB2806.15 _b.W54 WIG |
||
| 100 | _aWiggins Grant | ||
| 245 |
_aUnderstanding by Design _cGrant Wiggins & Jay Mctighe |
||
| 250 | _a2nd Ed. | ||
| 260 |
_aNew Jersey _bPearson Education Inc. _c2005 |
||
| 300 |
_axi. 370p. _bill. _c28 cm |
||
| 500 | _aIncludes Index | ||
| 650 | _2Learning | ||
| 700 | _aMctighe Jay | ||
| 942 |
_2lcc _cBK _e2nd Ed. _n0 |
||
| 999 |
_c5125 _d5125 |
||